Referencias para el análisis del federalismo fiscal mexicano /

Contiene: 1) Federalismo fiscal: conceptos y teoría; 2) Del pacto federal al federalismo fiscal mexicano; 3) Estudio del sistema nacional de coordinación fiscal (SNCF); 4) Resultados del sistema nacional de coordinación fiscal; 5) El federalismo fiscal en el mundo.

Kaydedildi:
Detaylı Bibliyografya
Diğer Yazarlar: García Lepe, Carlos (presentación) (presentación)
Materyal Türü: Kitap
Dil:İspanyolca
Baskı/Yayın Bilgisi: Guadalajara, México : Instituto para el Desarrollo Técnico de las Haciendas Públicas, 2021, c2021
Konular:
Etiketler: Etiketle
Etiket eklenmemiş, İlk siz ekleyin!

MARC

LEADER 00000nam^a2200000^a^4500
001 000613399
005 20250521000000.0
009 20260310133621.173
020 |a 978-607-98641-6-3 
037 |a Acervo ITESO - Biblioteca 
041 |a ESP 
082 |a 350. 972  |b REF 
245 0 0 |a Referencias para el análisis del federalismo fiscal mexicano /  |c Presen. de C. García Lepe. 
264 4 |a Guadalajara, México :  |b Instituto para el Desarrollo Técnico de las Haciendas Públicas,  |c 2021, c2021 
300 |a 285 p. 
336 |a texto  |b txt  |2 rdacontenido 
337 |a sin mediación  |b n  |2 rdamedio 
338 |a volumen  |b nc  |2 rdasoporte 
520 |a Contiene: 1) Federalismo fiscal: conceptos y teoría; 2) Del pacto federal al federalismo fiscal mexicano; 3) Estudio del sistema nacional de coordinación fiscal (SNCF); 4) Resultados del sistema nacional de coordinación fiscal; 5) El federalismo fiscal en el mundo. 
649 |a XX 
650 |a Finanzas Municipales -  |z México 
650 |a Presupuesto Público -  |z México 
650 |a Finanzas Públicas -  |z México 
650 |a Federalismo -  |z México -  |x Tema Principal 
650 |a Federalismo -  |x Teoría 
650 |a Sistema Fiscal -  |z México -  |x Tema Principal 
650 |a Política Fiscal -  |z México 
650 |a Política Económica -  |z México 
650 |a Centralización y Descentralización -  |z México 
650 |a Administración Pública -  |z México -  |x Tema Principal 
650 |a Administración Pública -  |x Teoría 
700 |a García Lepe, Carlos  |e (presentación) 
910 |a Fondo General 
920 |a Impresos - Libros 
930 |a Reserva Especial 
905 |a 103 
901 |a 613399-10  |b IT1  |c REE  |i D131832  |u 20250521 
902 |a https://opac.biblio.iteso.mx/vufind/Record/000613399